Advanced power generation systems / (Record no. 356032)
[ view plain ]
| 000 -LEADER | |
|---|---|
| fixed length control field | 01429cam a22003738i 4500 |
| 001 - CONTROL NUMBER | |
| control field | 18247366 |
| 003 - CONTROL NUMBER IDENTIFIER | |
| control field | USPCAS-E |
| 005 - DATE AND TIME OF LATEST TRANSACTION | |
| control field | 20180118181421.0 |
| 008 - FIXED-LENGTH DATA ELEMENTS--GENERAL INFORMATION | |
| fixed length control field | 140730t20142014enk b 001 0 eng c |
| 010 ## - LIBRARY OF CONGRESS CONTROL NUMBER | |
| LC control number | 2014014045 |
| 020 ## - INTERNATIONAL STANDARD BOOK NUMBER | |
| International Standard Book Number | 9780123838605 |
| 040 ## - CATALOGING SOURCE | |
| Original cataloging agency | OU/DLC |
| Language of cataloging | eng |
| Description conventions | rda |
| Transcribing agency | OU |
| 042 ## - AUTHENTICATION CODE | |
| Authentication code | pcc |
| 050 00 - LIBRARY OF CONGRESS CALL NUMBER | |
| Classification number | TJ265 |
| Item number | .D54 2014 |
| 082 00 - DEWEY DECIMAL CLASSIFICATION NUMBER | |
| Classification number | 621.31 |
| Edition number | 23 |
| Author Mark | DIN-A 2014 |
| 100 1# - MAIN ENTRY--PERSONAL NAME | |
| Personal name | Dinçer, İbrahim, |
| Dates associated with a name | 1964- |
| Relator term | author. |
| 245 10 - TITLE STATEMENT | |
| Title | Advanced power generation systems / |
| Statement of responsibility, etc. | by İbrahim Dinçer, Calin Zamfirescu. |
| 250 ## - EDITION STATEMENT | |
| Edition statement | First edition. |
| 263 ## - PROJECTED PUBLICATION DATE | |
| Projected publication date | 1408 |
| 300 ## - PHYSICAL DESCRIPTION | |
| Extent | pages cm |
| 502 ## - DISSERTATION NOTE | |
| Dissertation note | . |
| 504 ## - BIBLIOGRAPHY, ETC. NOTE | |
| Bibliography, etc. note | Includes bibliographical references and index. |
| 505 0# - FORMATTED CONTENTS NOTE | |
| Formatted contents note | Fundamentals of thermodynamics -- Energy, environment, and sustainable development -- Fossil fuels and alternatives -- Hydrogen fuel cell systems -- Conventional power generating systems -- Nuclear power generation -- Renewable-energy-based power generating systems -- Integrated power generating systems -- Multigeneration systems -- Novel power generating systems. |
| 650 #0 - SUBJECT ADDED ENTRY--TOPICAL TERM | |
| Topical term or geographic name entry element | Thermodynamics. |
| 650 #0 - SUBJECT ADDED ENTRY--TOPICAL TERM | |
| Topical term or geographic name entry element | Thermodynamic cycles. |
| 650 #0 - SUBJECT ADDED ENTRY--TOPICAL TERM | |
| Topical term or geographic name entry element | Energy development. |
| 650 #0 - SUBJECT ADDED ENTRY--TOPICAL TERM | |
| Topical term or geographic name entry element | Renewable energy sources. |
| 650 #0 - SUBJECT ADDED ENTRY--TOPICAL TERM | |
| Topical term or geographic name entry element | Sustainable development. |
| 650 #0 - SUBJECT ADDED ENTRY--TOPICAL TERM | |
| Topical term or geographic name entry element | Electric power production. |
| 700 1# - ADDED ENTRY--PERSONAL NAME | |
| Personal name | Zamfirescu, Calin, |
| Relator term | author. |
| 906 ## - LOCAL DATA ELEMENT F, LDF (RLIN) | |
| a | 7 |
| b | cbc |
| c | orignew |
| d | 1 |
| e | ecip |
| f | 20 |
| g | y-gencatlg |
| 942 ## - ADDED ENTRY ELEMENTS (KOHA) | |
| Source of classification or shelving scheme | |
| Koha item type | Book |
| Withdrawn status | Lost status | Source of classification or shelving scheme | Damaged status | Not for loan | Collection code | Permanent Location | Current Location | Shelving location | Date acquired | Source of acquisition | Cost, normal purchase price | Total Checkouts | Full call number | Barcode | Date last seen | Price effective from | Koha item type | Copy number |
|---|---|---|---|---|---|---|---|---|---|---|---|---|---|---|---|---|---|---|
| US-Pakistan Center for Advanced Studies in Energy (USPCAS-E) | US-Pakistan Center for Advanced Studies in Energy (USPCAS-E) | 02/04/2016 | Iqra books | 14303.00 | 621.31 DIN-A 2014 | CAS-E0001409 | 02/04/2016 | 02/04/2016 | Book | |||||||||
| US-Pakistan Center for Advanced Studies in Energy (USPCAS-E) | US-Pakistan Center for Advanced Studies in Energy (USPCAS-E) | 02/04/2016 | Iqra books | 14303.00 | 621.31 DIN-A 2014 | CAS-E0001410 | 02/04/2016 | 02/04/2016 | Book | C-2 |
